000 00475nam a2200169Ia 4500
005 20250423101156.0
008 250422s9999 xx 000 0 und d
020 _a878912703
050 _aE 178.25 .B4695/
100 _aMarlowe, Lynn
245 4 _aThe best test preparation for the CLEP. History of the United States. II, 1865 to the present.
260 _aPIscataway
260 _bResearch & Education Association
260 _c2007
300 _a232 p
942 _cBK
999 _c35522
_d35522